000 00718nam a2200181Ia 4500
008 151202s9999||||xx |||||||||||||| ||und||
082 _bPNVM-38313
100 _aगवळी पी.ए.
245 _aपेशवेकालिन गुलामगिरी व अस्पृशता.
260 _b"नंदिनी गवळी,कोल्हापूर."
260 _c1990
300 _a220
600 _aगवळी पी.ए.
630 _aपेशवेकालिन गुलामगिरी व अस्पृशता.
700 _aगवळी पी.ए.
730 _aपेशवेकालिन गुलामगिरी व अस्पृशता.
942 _cBOOK
999 _c1304265
_d1304262